BSOP header

The living earth manual of feng-shui : (Record no. 22000)

MARC details
000 -LEADER
fixed length control field 00591nam a2200169 4500
008 - FIXED-LENGTH DATA ELEMENTS--GENERAL INFORMATION
fixed length control field 041201s1982 enk b 001 0 eng
020 ## - INTERNATIONAL STANDARD BOOK NUMBER
International Standard Book Number 0710090773 :USD9.95
090 ## - LOCALLY ASSIGNED LC-TYPE CALL NUMBER (OCLC); LOCAL CALL NUMBER (OCLC)
Classification number (OCLC) (R) ; Classification number, CALL (RLIN) (NR) BF1779.F4
Local cutter number (OCLC) ; Book number/undivided call number, CALL (RLIN) Sk3l
100 1# - MAIN ENTRY--PERSONAL NAME
Personal name Skinner, Stephen,
Dates associated with a name 1948-
245 14 - TITLE STATEMENT
Title The living earth manual of feng-shui :
Remainder of title Chinese geomancy /
Statement of responsibility, etc Stephen Skinner.
260 ## - PUBLICATION, DISTRIBUTION, ETC. (IMPRINT)
Place of publication, distribution, etc London ;
-- Boston :
Name of publisher, distributor, etc Routledge & K. Paul,
Date of publication, distribution, etc 1982.
300 ## - PHYSICAL DESCRIPTION
Extent xii, 129 p.
500 ## - GENERAL NOTE
General note Includes index.
504 ## - BIBLIOGRAPHY, ETC. NOTE
Bibliography, etc Select. biblio. pp.122-123.
650 #4 - SUBJECT ADDED ENTRY--TOPICAL TERM
Topical term or geographic name as entry element Feng shui.
951 ## - EQUIVALENCE OR CROSS-REFERENCE-GEOGRAPHIC NAME/AREA NAME [OBSOLETE] [CAN/MARC only]
General subdivision 00029013
951 ## - EQUIVALENCE OR CROSS-REFERENCE-GEOGRAPHIC NAME/AREA NAME [OBSOLETE] [CAN/MARC only]
-- 28034
-- BF1779.F4/Sk3l
-- 070613111430265
-- 2000-12-21
-- SP-C GC
Holdings
Withdrawn status Lost status Damaged status Not for loan Home library Current library Shelving location Date acquired Accession number Shelving control number Total Checkouts Full call number Barcode Date last seen Price effective from Koha item type
        BSOP Library BSOP Library   12/21/2000 28034 127   BF1779.F4/Sk3l 00029013 02/23/2013 02/23/2013 Books
BSOP

Biblical Seminary of the Philippines
  All rights Reserved
  © 2024

CONTACT INFORMATION

Biblical Seminary of the Philippines,
  77-B Karuhatan Road, Valenzuela City,
  PHILIPPINES 1441
  Phone: +632 8292-6795 / 8292-6798
  Fax : +632 8292-6675
  Email: library@bsop.edu.ph